000 00360nam a2200133Ia 4500
008 231129s9999||||xx |||||||||||||| ||spa||
020 _a968-16-4285-6
040 _bspa
082 _a801.95 G983c
100 _aGutierrez Girardot Rafael
245 0 _aCuestiones
264 _aFondo de Cultura Economica
942 _2ddc
_cBKS
999 _c8563
_d8563